| 000 | 00352nam a2200145Ia 4500 | ||
|---|---|---|---|
| 003 | OSt | ||
| 005 | 20240329111126.0 | ||
| 008 | 170524s9999 xx 000 0 und d | ||
| 020 | _a978-0873937511 | ||
| 040 | _ciimtu meerut | ||
| 100 | _aANDERSON- HAIR- BUSH | ||
| 245 | 0 | _aPROFESSIONAL SALES MANAGEMENT | |
| 260 | _aTATA MC GRAW HILL | ||
| 942 |
_2ddc _c02 |
||
| 999 |
_c2219 _d2219 |
||